000 00602nmm a2200205Ia 4500
008 251105s9999||||xx |||||||||||||||||und||
020 _a9788418870163
041 _aspa
100 _aKeeland, Vi
245 0 _aUn error maravilloso
264 _a[Madrid, España] :
_bRoca Editorial,
_c[Fecha de publicación no identificada]
300 _a0 páginas
490 _aNovela
650 _aRomance
700 _aKeeland, Vi
700 1 _a Domínguez Palomo, Ana Isabel
700 1 _a Rodríguez Barrena, María del Mar
856 _uhttps://public.digitaliapublishing.com/a/123433
942 _cCF
999 _c67415
_d67415